=LDR 00000nam 2200000 4500 =300 ##$$a 50 hlm. : $b ill. ; $c 30 cm $e =csr $a 5289dccbbe18d11254ad6c32364e3764 =856 ##$$a =740 ##$$a =700 #$$a =650 #$$a Peningkatan Layanan =650 #$$a Pariwisata Keraton Cirebon =520 #$$a Terobosan inovatif dengan model kolaborasi Pentahelix yang melibatkan lima pemangku kepentingan : pemerintah, masyarakat, akademisi, pelaku usaha, dan media memungkinkan setiap pihak berperan dalam meningkatkan daya tarik Keraton Kesepuhan sebagai destinasi wisata hertige Pemerintah memberikan dukungan kebijakan, masyarakat berfungsi sebagai duta budaya, akademisi menyuplai riset strategis, pelaku usaha memperkuat layanan, dan media mempromosikan destinasi. Sinergi ini menciptakan strategi pemasaran yang terpadu dan efektif untuk meningkatkan daya saing Keraton Kesepuhan di tingkat nasional dan internasional. =338 ##$$a =337 ##$$a =336 ##$$a =001 $a INLIS000000000020877 =264 ##$$a Jakarta : $b Pusbangkom Pimnas dan Manajerial ASN. ; $c 2024 =246 ##$$a =245 ##$$a Peningkatan Visitor Experience di Destinasi Wisata Heritage (Keraton Kasepuhan Cirebon) $b $c Utari Widyastuti, S. =100 #$$a Utari Widyastuti, S. =084 ##$$a R 149 PKN II 2024 =082 ##$$a =035 ##$$a 0010-0426000034 =020 ##$$a =008 $a 260420################g##########0#ind## =005 $a 20260420092758